Effect of sowing time and fertilizers on growth and yield of Indian spinach (Basella alba L.) / (Record no. 8981)

MARC details
000 -LEADER
fixed length control field 01248nam a22002777a 4500
001 - CONTROL NUMBER
control field BD-DhSAU 8981
003 - CONTROL NUMBER IDENTIFIER
control field BD-DhSAU
005 - DATE AND TIME OF LATEST TRANSACTION
control field 20181223132415.0
008 - FIXED-LENGTH DATA ELEMENTS--GENERAL INFORMATION
fixed length control field 150613b2007 bg a|||| m||| 00| 0 eng d
040 ## - CATALOGING SOURCE
Original cataloging agency BD-DhSAU
082 ## - DEWEY DECIMAL CLASSIFICATION NUMBER
Edition number 22
Classification number 635
Item number Q22
100 ## - MAIN ENTRY--PERSONAL NAME
Personal name Quader, Kazi Abdul
Relator term Registration # 02182
245 ## - TITLE STATEMENT
Title Effect of sowing time and fertilizers on growth and yield of Indian spinach (Basella alba L.) /
Remainder of title MS thesis
Statement of responsibility, etc. Kazi Abdul Quader,
260 ## - PUBLICATION, DISTRIBUTION, ETC. (IMPRINT)
Place of publication, distribution, etc. Sher-e-Bangla Agricultural Uniersity :
Name of publisher, distributor, etc. Department of Horticulture and Postharvest Technology,
Date of publication, distribution, etc. 2007.
300 ## - PHYSICAL DESCRIPTION
Extent xiii, 70 p. :
Other physical details ill. ;
Dimensions 29 cm.
500 ## - GENERAL NOTE
General note MS thesis of Department of Horticulture and Postharvest Technology , Faculty of Agriculture, Sher-e-Bangla Agricultural University, Dhaka, Bangladesh
504 ## - BIBLIOGRAPHY, ETC. NOTE
Bibliography, etc Includes bibliographical reference.
590 ## - Name of Cataloguer
Name of Cataloger erfat
650 ## - SUBJECT ADDED ENTRY--TOPICAL TERM
Topical term or geographic name as entry element Horticulture and postharvest economy
650 ## - SUBJECT ADDED ENTRY--TOPICAL TERM
Topical term or geographic name as entry element Effect of sowing time and fertilizers on growth and yield
650 ## - SUBJECT ADDED ENTRY--TOPICAL TERM
Topical term or geographic name as entry element Indian spinach (Basella alba L.)
700 ## - ADDED ENTRY--PERSONAL NAME
Personal name Mahtabuddin, A K M
Relator term Superviser
700 ## - ADDED ENTRY--PERSONAL NAME
Personal name Akand, Hasznuzzaman
Relator term Co-superviser
856 ## - ELECTRONIC LOCATION AND ACCESS
Uniform Resource Identifier <a href="http://archive.saulibrary.edu.bd:8080/xmlui/handle/123456789/1122">http://archive.saulibrary.edu.bd:8080/xmlui/handle/123456789/1122</a>
942 ## - ADDED ENTRY ELEMENTS (KOHA)
Source of classification or shelving scheme Dewey Decimal Classification
Koha item type MS Level Thesis
Holdings
Withdrawn status Lost status Source of classification or shelving scheme Damaged status Not for loan Collection code Home library Branch Name Shelving location Date acquired Total Checkouts Full call number Barcode Date last seen Price effective from Koha item type
    Dewey Decimal Classification   Not For Loan Reference SAU Library SAU Library Reference 18/06/2015   635 Q22 37194 18/06/2015 18/06/2015 MS Level Thesis